000 00632cam a22002053a 4500
001 45366
003 PGUSA
005 20140828084040.0
008 140412s2014||||xxu|||||s|||||000 | eng d
040 _aPGUSA
_beng
042 _adc
100 1 _aMiller, Thomas
245 1 0 _aHistory of the Anglo-Saxons :
_bFrom the Earliest Period to the Norman Conquest; Second Edition
_h[electronic resource] /
_cThomas Miller
260 _bProject Gutenberg,
_c2014
506 _aPublic domain in the USA.
516 _aElectronic text
830 0 _aProject Gutenberg
_v45366
856 4 0 _uhttp://www.gutenberg.org/ebooks/45366
942 _cEB
999 _c274617
_d274617